90's Bands By Song - Statistics

General Stats
  • This quiz has been taken 228 times
  • The average score is 14 of 30
Answer Stats
Hint Answer % Correct
Wonderwall Oasis
92%
Smells Like Teen Spirit Nirvana
86%
Ice Ice Baby Vanilla Ice
86%
Losing My Religion R.E.M.
82%
Californication Red Hot Chili Peppers
76%
My Name Is Eminem
74%
Black or White Michael Jackson
72%
My Heart Will Go On Celine Dion
71%
All The Small Things Blink 182
70%
I Don't Want to Miss a Thing Aerosmith
67%
Loser Beck
65%
1979 Smashing Pumpkins
60%
Baby Got Back Sir Mix A Lot
56%
Self Esteem The Offspring
47%
Wild Wild West Will Smith
47%
Bulls on Parade Rage Against the Machine
43%
Smooth Santana
41%
Baby One More Time Brittney Spears
30%
Dragula Rob Zombie
29%
Hard Knock Life Jay Z
28%
The Dope Show Marilyn Manson
23%
Can't Help Falling in Love UB40
22%
Cream Prince
21%
Get Off Prince
21%
Blaze of Glory Jon Bon Jovi
20%
Sure Shot Beastie Boys
10%
Something to Believe In Poison
8%
Two Steps Behind Def Leppard
4%
I Don't Wanna Fight Tina Turner
4%
Please Remember Me Tim McGraw
3%
No matching quizzes found
Score Distribution
Percent of People with Each Score
Percentile by Number Answered
Your Score History
You have not taken this quiz